000 01284naa a22003737a 4500
001 BR5100070
003 BR-BrBNA
005 20240918172826.0
007 ta
008 230509b bl.||||| |||| 00| 0 por d
040 _aBR-BrBNA
_bpor
_cBiblioteca Nacional de Agricultura
041 _a(Pt)
072 _aL73
_b5212
_b4150
_bG514
090 _aL73 BR5100070
100 1 _aTorres, S.
100 1 _aGuerreiro, M.G.
100 1 _aTeixeira, M.F.M.
100 1 _aSaraiva, D.
100 1 _aDemenechi, M.
111 1 _a5. Congresso Brasileiro de Veterinaria
_cSao Paulo, SP (Brazil)
_d28 Aug 1950
245 1 _aEstudos sobre a febre aftosa e sua profilaxia [Bovino; Bos taurus; Controle quimico; Vacina; Rio Grande do Sul; Brasil]
260 3 _aSao Paulo, SP (Brasil):
_c1951.
500 _aAnais do 5. Congresso Brasileiro de Veterinaria Sao Paulo, SP (Brasil): 1951. p. 221-239 (BR5100070-AM)L73
650 _aDoenca animal
650 _aBovino
650 _aAftosa
650 _aControle quimico
650 _aVacina
650 _aProfilaxia
650 _aRio Grande do Sul
773 0 _tAnais do 5. Congresso Brasileiro de Veterinaria
_wL73 BR5100070
_gSao Paulo, SP (Brasil), 1951. p. 221-239
909 _a202404
_bLucia
_c55
_dLucia Elande
942 _cAM
_2AGRIS
999 _c301610
_d301610